Islands A-Z - Statistics

General Stats
  • This quiz has been taken 46 times
  • The average score is 19 of 25
Answer Stats
Letter Clue Answer % Correct
G World's largest island that is also owned by Denmark Greenland
100%
J Country comprised of four islands: Honshu, Hokkaido, Kyushu, and Shikoku Japan
100%
E Island known for its moai heads Easter
98%
F A war between England and Argentina was centered here Falkland
98%
A Dutch island in the Caribbean Sea, governed from Oranjestad Aruba
95%
I Country known for its hot springs and geysers Iceland
95%
S Island country often called the "Teardrop of India" Sri Lanka
95%
V Island that shares its name with the capital of British Columbia Vancouver
95%
R Colossus of... Rhodes
93%
P 51st state? Puerto Rico
90%
T Mount Orohena is on this French Polynesian island Tahiti
90%
Z The worlds shortest war took place on this Tanzanian island Zanzibar
90%
L Manila is on this island Luzon
88%
B Only island in the world shared by three countries Borneo
86%
H Archipelago located in the middle of the Pacific Ocean, known for its volcanoes Hawaii
81%
C Resort island known for its villas, off the coast of Naples Capri
79%
D Roseau is the capital of this island Dominica
79%
K Archipelago off the southern coast of Florida Keys
79%
O The Japanese bombed Pearl Harbor here Oahu
79%
N Indonesia shares this island with a namesake country New Guinea
69%
M Island in the Caribbean Sea, off the northern coast of Venezuela Margarita
33%
X Island administered by the namesake city in the Taiwan Strait Xiamen
29%
U Apia is on this island Upolu
12%
Q Large island located in the Strait of Hormuz Qeshm
10%
Y Largest island in the Novaya Zemlya Archipelago Yuzhny
10%
No matching quizzes found
Score Distribution
Percent of People with Each Score
Percentile by Number Answered
Your Score History
You have not taken this quiz